O estruturalismo dos pobres e outras questoes

Αποθηκεύτηκε σε:
Λεπτομέρειες βιβλιογραφικής εγγραφής
Κύριος συγγραφέας: Merquior, José Guilherme 1941-
Μορφή: Άγνωστο
Γλώσσα:Portuguese
Έκδοση: Rio de Janeiro Tempo Brasileiro 1975
Θέματα:
Ετικέτες: Προσθήκη ετικέτας
Δεν υπάρχουν, Καταχωρήστε ετικέτα πρώτοι!

MARC

LEADER 000000000a22000000004500
001 000298
008 140609s1975 bl |||f |||| 000 0 por d
041 0 |a portugués 
090 |a 809  |b M567e 
100 1 |a Merquior, José Guilherme  |d 1941- 
245 1 2 |a O estruturalismo dos pobres e outras questoes  |c José Guilherme Merquior 
260 |a Rio de Janeiro  |b Tempo Brasileiro  |c 1975 
300 |a 87 páginas 
500 |a Número de inscripción 07074 
505 |t Vanguarda, neovanguarda, antivanguarda 
505 |t O idealismo do significante (a Grammatologie de Jacques Derrida) 
505 |t Gilberto Freyre ale´m da modernidade 
650 4 |a LITERATURA  |9 11 
942 |2 ddc  |c BK 
999 |c 1114  |d 1114